[Event "Thessaloniki White Tower op-C 41th"]
[Site "Thessaloniki"]
[Date "2019.01.06"]
[Round "4.14"]
[White "Keramaros, Vasileios"]
[Black "Kotsailidis, Pavlos"]
[Result "0-1"]
[WhiteElo "1000"]
[BlackElo "1136"]
[PlyCount "102"]
[EventDate "2019.01.02"]
[EventType "swiss"]
[EventRounds "6"]
[EventCountry "GRE"]
[SourceTitle "EXT 2024"]
[Source "ChessBase"]
[SourceDate "2023.10.10"]
[SourceVersion "1"]
[SourceVersionDate "2023.10.10"]
[SourceQuality "1"]

1. e4 e5 2. Nf3 Nc6 3. Nc3 Nf6 4. Bc4 Nxe4 5. Nxe4 d5 6. Bb3 dxe4 7. Ng1 Bd6 8. d3 exd3 9. cxd3 Bf5 10. Qh5 Bg6 11. Qf3 Bb4+ 12. Bd2 Bxd2+ 13. Kxd2 0-0 14. Qg3 e4 15. Bc2 exd3 16. Bxd3 Bxd3 17. Qxd3 Qxd3+ 18. Kxd3 Rad8+ 19. Kc4 Rd2 20. Nh3 Re8 21. Rhe1 Ree2 22. Rxe2 Rxe2 23. Rd1 Rxb2 24. Re1 Kf8 25. Ng5 h6 26. Nh7+ Kg8 27. Re8+ Kxh7 28. f4 Rxa2 29. Kb3 Rxg2 30. Rf8 Rxh2 31. Rxf7 Rf2 32. Kc3 Kg6 33. Rxc7 Rxf4 34. Rxb7 Rc4+ 35. Kxc4 Na5+ 36. Kb5 Nxb7 37. Ka6 h5 38. Kxb7 h4 39. Kxa7 h3 40. Kb6 h2 41. Kc5 h1Q 42. Kd4 Qe1 43. Kd5 Kf5 44. Kd4 Qe4+ 45. Kc5 Ke5 46. Kb5 Kd5 47. Kb6 Kd6 48. Kb5 Qc2 49. Ka5 Qb3 50. Ka6 Kc6 51. Ka5 Qb5# 0-1